| 000 | 00352nam a2200133Ia 4500 | ||
|---|---|---|---|
| 005 | 20251222140107.0 | ||
| 008 | 251222s1900||||xx |||||||||||||| ||spa|| | ||
| 020 | _a8479143460 | ||
| 082 | _a200/F12 | ||
| 245 | 0 | _aSan Pablo y la Apertura Universal del Evangelio | |
| 250 | _a1ra. ed. | ||
| 264 | _bFacultad de TeologĂa San Vicente Ferrer | ||
| 942 | _cLIB | ||
| 999 |
_c4164 _d4164 |
||